| 000 | 00495nam a2200181Ia 4500 | ||
|---|---|---|---|
| 003 | OSt | ||
| 005 | 20240925163707.0 | ||
| 008 | 210210b1962 xxu||||| |||| 00| 0 eng d | ||
| 040 |
_aAL _c |
||
| 041 | _aKannada | ||
| 082 | _a859/496 | ||
| 100 |
_aCHADURANGA _938087 _dಚದುರಂಗ |
||
| 245 |
_aChadurangara kathegalu _bಚದುರಂಗರ ಕಥೆಗಳು |
||
| 260 |
_aBengaluru _bNaresh & Co _c1962 |
||
| 690 |
_aKannada Fiction _938088 |
||
| 906 | _a021356 | ||
| 942 |
_2ddc _cBK |
||
| 999 |
_c145438 _d145438 |
||